[Event "TCh-POL Ekstraliga 2025"]
[Site "Chotowa POL"]
[Date "2025.06.06"]
[Round "5.6"]
[White "Antolak, Julia"]
[Black "Siekanska, Maria"]
[Result "1/2-1/2"]
[WhiteTitle "WGM"]
[BlackTitle "WFM"]
[WhiteElo "2279"]
[BlackElo "2137"]
[WhiteTeam "Akademia Szachowa Gliwice"]
[BlackTeam "KSz Stilon Gorzow Wlkp."]
[WhiteFideId "1159569"]
[BlackFideId "21852650"]
[EventDate "2025.06.02"]

1. e4 c5 2. Nf3 d6 3. d4 cxd4 4. Nxd4 Nf6 5. Nc3 Nc6 6. g3 e6 7. Bg2 Bd7 8. Nde2
Be7 9. O-O O-O 10. h3 a6 11. g4 b5 12. a3 Rb8 13. Ng3 Bc8 14. b3 a5 15. Bb2 b4
16. axb4 axb4 17. Nce2 Bb7 18. Nf4 Qb6 19. g5 Nd7 20. Nfh5 g6 21. Nf6+ Bxf6 22.
gxf6 e5 23. Qxd6 Rbd8 24. Qd2 Nxf6 25. Qg5 Nd7 26. Rfd1 f6 27. Qg4 Nc5 28. Qe2
Ne6 29. Qc4 Na5 30. Qe2 Nf4 31. Qe3 Qc7 32. Rxd8 Rxd8 33. Bf1 Kg7 34. c3 bxc3
35. Bxc3 1/2-1/2